[Event "Tournament (open)"]
[Site "masterchessopen.com - Spain"]
[Round "5"]
[White "Alberola Mulet Benj (ESP)"]
[Black "Balada Moreno Jose L (ESP)"]
[Result "0-1"]
[WhiteElo "2145"]
[BlackElo "2126"]

1.d4 c5 2.d5 e5 3.c4 d6 4.Nc3 Ne7 5.g3 g6 6.Bg2 Bg7 7.e4 O-O 8.a3 Nd7 9.Nf3 f5
10.O-O Nf6 11.Nd2 fxe4 12.Ndxe4 Nxe4 13.Nxe4 Nf5 14.b4 b6 15.bxc5 bxc5 16.Bg5
Qc7 17.Rb1 Nd4 18.Kh1 Bf5 19.f3 Rf7 20.Rf2 Bxe4 {#R} 0-1

[Event "Tournament (open)"]
[Site "masterchessopen.com - Spain"]
[Round "7"]
[White "Capella Gimenez J M (ESP)"]
[Black "Balada Moreno Jose L (ESP)"]
[Result "0-1"]
[WhiteElo "2107"]
[BlackElo "2126"]

1.d4 c5 2.d5 e5 3.e4 d6 4.Nc3 Ne7 5.Bb5+ Nd7 6.a4 a6 7.Be2 f5 8.exf5 Nxf5
9.Bh5+ g6 10.Ne4 Be7 11.Qg4 Nf8 12.Qd1 gxh5 13.Qxh5+ Ng6 14.Ra3 Bd7 15.Bg5
Bxg5 16.Nxg5 Qe7 17.Rf3 O-O-O 18.g4 Nf4 {#R} 0-1

[Event "It (open) (juniors)"]
[Site "masterchessopen.com - Stockerau (Austria)"]
[Round "0"]
[White "Kupruks Raimonds (LAT)"]
[Black "Rohan Michal (CZE)"]
[Result "1-0"]
[WhiteElo "2175"]
[BlackElo "2005"]

1.d4 c5 2.d5 e5 3.e4 d6 4.Nc3 Be7 5.Nf3 a6 6.Be2 Bg4 7.Nd2 Bd7 8.a4 Nf6 9.O-O
O-O 10.Nc4 Ne8 11.f4 exf4 12.Bxf4 f6 13.a5 Qc7 14.Ra3 Ra7 15.Nb6 g5 16.Bg3 Ng7
17.h4 Be8 18.hxg5 fxg5 19.e5 dxe5 20.Ne4 Rxf1+ 21.Bxf1 Nf5 22.d6 {#r} 1-0

[Event "It \"]
[Site "masterchessopen.com - Subotica (Yugoslavia)"]
[Round "16"]
[White "Petronic Jovan (SRB)"]
[Black "Djantar Djordje (YUG)"]
[Result "1-0"]
[WhiteElo "2397"]
[BlackElo "2240"]

1.d4 c5 2.d5 e5 3.e4 d6 4.Nc3 a6 5.a4 Be7 6.Be2 Bg5 7.Nf3 Bxc1 8.Qxc1 Bg4
9.Nd2 Bxe2 10.Nxe2 Nh6 11.Nc4 O-O 12.a5 Qe7 13.Nb6 Ra7 14.Nc3 Nd7 15.Nca4 Nxb6
16.Nxb6 Qh4 17.Ra4 Ng4 18.Qd2 Rd8 19.h3 Nf6 20.Qe3 Ng4 21.Qf3 Qg5 22.hxg4 {#r}
1-0

[Event "It (open)"]
[Site "masterchessopen.com - Ticino (Switzerland)"]
[Round "0"]
[White "Flear Glenn C (ENG)"]
[Black "Karl Hans (SUI)"]
[Result "0-1"]
[WhiteElo "2505"]
[BlackElo "2201"]

1.d4 c5 2.d5 e5 3.e4 d6 4.Nc3 g6 5.Be2 Na6 6.Nf3 Nc7 7.a4 f6 8.O-O Bh6 9.Nd2
Ne7 10.Nc4 Bxc1 11.Qxc1 O-O 12.f4 b6 13.fxe5 fxe5 14.Rxf8+ Kxf8 15.Qg5 Ne8
16.Nb5 Ba6 17.Rf1+ Kg8 18.Bg4 Bxb5 19.Be6+ {#R} 0-1

[Event "It (open)"]
[Site "masterchessopen.com - Toronto (Canada)"]
[Round "5"]
[White "Hamilton Robert (CAN)"]
[Black "Peckford William (CAN)"]
[Result "1-0"]
[WhiteElo "2301"]
[BlackElo "2270"]

1.d4 c5 2.d5 e5 3.e4 d6 4.f4 exf4 5.Bxf4 Ne7 6.Nf3 Ng6 7.Bg3 Nd7 8.Nbd2 Be7
9.Nc4 Nb6 10.h4 Nxc4 11.Bxc4 Qa5+ 12.c3 f6 13.h5 Ne5 14.Nxe5 fxe5 15.h6 g6
16.Bxe5 dxe5 17.d6 Qd8 18.Qd5 Bh4+ 19.Ke2 Bg4+ 20.Kd3 Qxd6 21.Qxd6 Rd8 22.Bb5+
{#r} 1-0

[Event "It (open)"]
[Site "masterchessopen.com - Wiesbaden (Germany)"]
[Round "0"]
[White "Stimpel Franz (GER)"]
[Black "Kratzer Gerhard (GER)"]
[Result "1-0"]
[WhiteElo "2179"]
[BlackElo "2070"]

1.d4 c5 2.d5 e5 3.c4 f5 4.e4 d6 5.Nc3 Nf6 6.Bd3 f4 7.Nf3 Be7 8.g3 fxg3 9.hxg3
Na6 10.Nh4 Bd7 11.Be2 O-O 12.Nf5 Bxf5 13.exf5 Rb8 14.g4 Ne8 15.Ne4 b5 16.cxb5
Nac7 17.a4 a6 18.Qb3 Nf6 19.Nxf6+ Bxf6 20.b6 Ne8 21.a5 Qc8 22.Qd3 Ra8 23.g5
Bd8 24.Bg4 c4 25.Qh3 h6 26.f6 Qc5 27.Be6+ Rf7 28.Qh5 {#r} 1-0

[Event "It (open) \"]
[Site "masterchessopen.com - Cologne (Germany)"]
[Round "3"]
[White "Lemanczyk Thomas (GER)"]
[Black "Daudzvardis Janis (LAT)"]
[Result "0-1"]
[WhiteElo "2245"]
[BlackElo "2152"]

1.d4 c5 2.d5 e5 3.e4 d6 4.Nc3 Be7 5.Nf3 Nf6 6.h3 O-O 7.g4 Ne8 8.a4 Nd7 9.Be3
g6 10.Rg1 Ng7 11.Bh6 Nf6 12.Qd2 a6 13.Bc4 Rb8 14.Qd3 Kh8 15.Rd1 Bd7 16.Nxe5 b5
17.Nxd7 bxc4 {#R} 0-1

[Event "it (open) (zt)"]
[Site "masterchessopen.com - Dublin (Ireland)"]
[Round "0"]
[White "Wall Gavin (IRL)"]
[Black "Joyce John (IRL)"]
[Result "1-0"]
[WhiteElo "2329"]
[BlackElo "2211"]

1.d4 c5 2.d5 e5 3.e4 d6 4.Nf3 Be7 5.Nc3 Bg4 6.h3 Bxf3 7.Qxf3 a6 8.Nd1 Nd7
9.Ne3 Nh6 10.g3 b5 11.h4 Nb6 12.Bd2 Qc7 13.Ba5 Qb7 14.g4 g6 15.g5 Ng8 16.Qg3
Bd8 17.Bd2 Bc7 18.h5 O-O-O 19.Qf3 Ne7 20.Qxf7 Rde8 21.hxg6 Nxg6 22.Rxh7 Nf4
23.Nf5 {#r} 1-0

[Event "It (open)"]
[Site "masterchessopen.com - Matra (Hungary)"]
[Round "0"]
[White "Mochalov Evgeny V (BLR)"]
[Black "Fekete Albert (HUN)"]
[Result "1-0"]
[WhiteElo "2445"]
[BlackElo "2238"]

1.d4 c5 2.d5 e5 3.e4 d6 4.Bb5+ Nd7 5.a4 g6 6.Nc3 Bg7 7.f4 a6 8.Bxd7+ Bxd7
9.Nf3 Bg4 10.O-O Qe7 11.h3 Bxf3 12.Qxf3 Nf6 13.fxe5 Qxe5 14.Bf4 Qe7 15.Bg5
{#r} 1-0

[Event "It (open) \"]
[Site "masterchessopen.com - Pardubice (Czech Republic)"]
[Round "0"]
[White "Stluka Frantisek (CZE)"]
[Black "Rumiancev Gennadij (UKR)"]
[Result "0-1"]
[WhiteElo "2089"]
[BlackElo "2030"]

1.d4 c5 2.d5 e5 3.c4 d6 4.Nc3 Be7 5.g3 a6 6.a4 b6 7.Bg2 Nd7 8.Nh3 h5 9.e4 g5
10.f3 Nf8 11.Nf2 Ng6 12.Be3 Nh6 13.Qd2 f5 14.Nd3 f4 15.Bf2 Bd7 16.b4 O-O
17.O-O g4 18.a5 cxb4 19.Nxb4 bxa5 20.Nc6 Qe8 21.Nxa5 Nf7 22.Nb3 Ng5 23.gxf4
Nxf4 24.fxg4 Nxg2 25.Kxg2 Bxg4 26.Rfc1 Qg6 27.h4 Nf3 {#R} 0-1

[Event "It (open)"]
[Site "masterchessopen.com - Paris (France)"]
[Round "7"]
[White "Troffiguer Olivier (FRA)"]
[Black "Eletsky Denis (RUS)"]
[Result "0-1"]
[WhiteElo "2133"]
[BlackElo "2217"]

1.d4 c5 2.d5 e5 3.e4 d6 4.Nc3 Be7 5.Nf3 Bg4 6.Bb5+ Nd7 7.a4 a6 8.Bxd7+ Qxd7
9.h3 Bxf3 10.Qxf3 Nf6 11.O-O O-O 12.Qe2 Ne8 13.f4 exf4 14.Bxf4 Bf6 15.e5 Bxe5
16.Bxe5 dxe5 17.Qxe5 Nd6 18.Ne4 Nc4 19.Qg5 f5 20.Nxc5 Qxd5 21.b4 Qd4+ 22.Kh1
h6 23.Qxg7+ Qxg7 {#R} 0-1

[Event "Ch Poland (team)"]
[Site "masterchessopen.com - Poland"]
[Round "0"]
[White "Gralka Julian (POL)"]
[Black "Grabarczyk Bogdan (POL)"]
[Result "1-0"]
[WhiteElo "2247"]
[BlackElo "2345"]

1.d4 c5 2.d5 e5 3.e4 d6 4.Nc3 Be7 5.Bb5+ Nd7 6.a4 Nf6 7.Nf3 O-O 8.O-O Ne8 9.h3
g6 10.Bh6 Ng7 11.Qd2 Kh8 12.Rad1 Nf6 13.Nxe5 dxe5 14.d6 Ng8 15.dxe7 Qxe7
16.Nd5 Qh4 17.Bg5 Qxe4 18.Rfe1 Qf5 19.g4 Qe6 20.Nc7 Qa2 21.Nxa8 Ne6 22.Be3
Qxb2 23.Rb1 Qa3 24.Ra1 Qb4 25.Qxb4 cxb4 26.Bxa7 {#r} 1-0

[Event "Ch Romania (team)"]
[Site "masterchessopen.com - Romania"]
[Round "0"]
[White "Breahna Radu (ROM)"]
[Black "Ungureanu Emil (ROM)"]
[Result "1-0"]
[WhiteElo "2275"]
[BlackElo "2188"]

1.d4 c5 2.d5 e5 3.e4 a6 4.a4 d6 5.Nc3 Be7 6.Nf3 b6 7.Be2 Nd7 8.Nd2 Ngf6 9.O-O
O-O 10.Nc4 Ne8 11.g3 Rb8 12.Be3 g6 13.Bh6 Ng7 14.f4 f5 15.exf5 gxf5 16.Qd2 Rf6
17.fxe5 Nxe5 18.Bg5 Rg6 19.Bxe7 Qxe7 20.Rae1 Qd7 21.b3 Nf7 22.Bd3 b5 23.axb5
axb5 24.Ne3 Nh6 25.Rf2 Rf6 26.Ref1 Qe8 27.Qe1 {#r} 1-0

[Event "Cup Yugoslavia (team)"]
[Site "masterchessopen.com - Becici (Yugoslavia)"]
[Round "2"]
[White "Pavlovic Dragan (CRO)"]
[Black "Kosanovic Goran A (SRB)"]
[Result "0-1"]
[WhiteElo "2289"]
[BlackElo "2362"]

1.d4 c5 2.d5 e5 3.Nc3 d6 4.e4 Be7 5.f4 exf4 6.Bxf4 Nf6 7.Nf3 O-O 8.Be2 Bg4
9.Nd2 Nh5 10.Be3 Bxe2 11.Qxe2 Bg5 12.O-O Bxe3+ 13.Qxe3 Nd7 14.Nc4 Nb6 15.Na5
Rb8 16.Rf5 g6 17.Rf2 Nf6 18.Qf4 Nfd7 19.Nb5 Ne5 20.Qf6 Qd7 21.a4 Ng4 22.Qxd6
Nxf2 23.Kxf2 Qg4 24.Nxa7 Rbe8 25.Re1 Rxe4 26.Rxe4 Qxe4 27.Qxc5 Re8 28.h3 Qf4+
{#R} 0-1

[Event "It (open)"]
[Site "masterchessopen.com - Bern (Switzerland)"]
[Round "1"]
[White "Lutz Christopher (GER)"]
[Black "Rufener Markus (SUI)"]
[Result "1-0"]
[WhiteElo "2580"]
[BlackElo "2347"]

1.d4 c5 2.d5 e5 3.e4 d6 4.Nc3 Be7 5.Nf3 Bg4 6.h3 Bxf3 7.Qxf3 Bg5 8.Bxg5 Qxg5
9.Nb5 Qe7 10.Qg4 f5 11.Qxf5 Na6 12.Qe6 Qxe6 13.dxe6 Ke7 14.O-O-O Rd8 15.Bc4
Nf6 16.f3 Ne8 17.Nxa7 Nac7 18.Rd3 Nxe6 19.Rb3 Rd7 20.Nc8+ Kf6 21.Nb6 Rf7
22.Nd5+ Kg6 23.Ne3 {#r} 1-0

[Event "It (open)"]
[Site "masterchessopen.com - Bern (Switzerland)"]
[Round "3"]
[White "Summermatter Daniel (SUI)"]
[Black "Probst Dieter (SUI)"]
[Result "1-0"]
[WhiteElo "2345"]
[BlackElo "2160"]

1.d4 c5 2.d5 e5 3.e4 d6 4.Nc3 Be7 5.Bb5+ Kf8 6.Be2 Bg5 7.Nf3 Bxc1 8.Qxc1 Na6
9.O-O g6 10.Ne1 Kg7 11.f4 f6 12.Nf3 Nh6 13.fxe5 fxe5 14.Ng5 Nc7 15.Qd2 Qe7
16.Bc4 a6 17.Ne6+ Nxe6 18.dxe6 Bxe6 19.Bxe6 Qxe6 20.Rad1 Rad8 21.Rf3 Qc4
22.Qg5 Qe6 23.Rdf1 Rd7 24.Nd5 Rf7 25.Nf6 {#r} 1-0

[Event "It (open) \"]
[Site "masterchessopen.com - Buenos Aires (Argentina)"]
[Round "8"]
[White "Puyou Guillermo (ARG)"]
[Black "Pingas Blas (ARG)"]
[Result "0-1"]
[WhiteElo "2258"]
[BlackElo "2232"]

1.d4 c5 2.d5 e5 3.e4 d6 4.Nc3 Be7 5.Be2 Bg5 6.Bb5+ Nd7 7.Nf3 Bxc1 8.Qxc1 Ne7
9.a4 O-O 10.g3 Nf6 11.a5 Bh3 12.Nd2 h6 13.a6 b6 14.Rg1 Bd7 15.g4 Ng6 16.Bxd7
Qxd7 17.f3 Nh7 18.Ne2 Ng5 19.Rg3 Nh4 20.Ng1 b5 21.Nf1 Rae8 22.Ne3 g6 23.Ng2
{#R} 0-1

[Event "Ch Catalunia (team)"]
[Site "masterchessopen.com - Catalunia (Spain)"]
[Round "0"]
[White "Real Masdeu Albert (ESP)"]
[Black "Artigas Isart Miguel (ESP)"]
[Result "0-1"]
[WhiteElo "1952"]
[BlackElo "2187"]

1.d4 c5 2.d5 e5 3.c4 d6 4.Nc3 g6 5.e4 Bg7 6.f4 f5 7.fxe5 Bxe5 8.exf5 Bxf5
9.Nf3 Bg7 10.Bd3 Bg4 11.O-O Ne7 12.Qb3 O-O 13.Qxb7 Nd7 14.Be2 Bxf3 15.Rxf3 Nf5
16.g4 Bd4+ 17.Kh1 Nh4 18.Rxf8+ Qxf8 19.Bg5 Qe8 20.Bxh4 Rb8 21.Qc7 Rxb2 22.Qxd6
Rxe2 23.Qxd7 Qxd7 {#R} 0-1

[Event "NWL 1993/94"]
[Site "masterchessopen.com - Germany"]
[Round "0"]
[White "Wehmeier Stefan (GER)"]
[Black "Rosen Bernd (GER)"]
[Result "1-0"]
[WhiteElo "2325"]
[BlackElo "2361"]

1.d4 c5 2.d5 e5 3.e4 d6 4.f4 exf4 5.Bxf4 Nf6 6.Nd2 Be7 7.Bb5+ Bd7 8.Bxd7+
Nbxd7 9.Ngf3 O-O 10.O-O Nh5 11.Be3 g6 12.Bh6 Re8 13.Nc4 b5 14.Ne3 Bf6 15.Ng4
Bxb2 16.Rb1 Ndf6 17.Bg5 Bc3 18.Nh6+ Kf8 19.g4 Ng7 20.e5 Rxe5 21.Bxf6 Qxf6
22.Nxe5 Qxe5 23.Rxf7+ Ke8 24.Qf3 Qd4+ 25.Kh1 Rd8 26.Re7+ {#r} 1-0

[Event "It \"]
[Site "masterchessopen.com - Jyvaskyla (Finland)"]
[Round "4"]
[White "Nei Iivo (EST)"]
[Black "Lehtinen Antti (FIN)"]
[Result "1-0"]
[WhiteElo "2405"]
[BlackElo "2193"]

1.d4 c5 2.d5 e5 3.Nc3 d6 4.e4 f5 5.Bb5+ Bd7 6.exf5 Nf6 7.Qd3 a6 8.Bxd7+ Nbxd7
9.Nf3 b5 10.Ng5 c4 11.Qf3 Nc5 12.Ne6 Nxe6 13.dxe6 d5 14.Bg5 Bb4 15.Bxf6 Bxc3+
16.bxc3 gxf6 17.O-O-O {#r} 1-0

[Event "It (open)"]
[Site "masterchessopen.com - Kstovo (Russia)"]
[Round "0"]
[White "Lugovoi Aleksei (RUS)"]
[Black "Afinogenov Andrey Y (RUS)"]
[Result "1-0"]
[WhiteElo "2465"]
[BlackElo "2312"]

1.d4 c5 2.d5 e5 3.e4 d6 4.Nc3 Be7 5.Nf3 Bg4 6.Bb5+ Nd7 7.h3 Bh5 8.Be3 h6 9.g4
Bg6 10.a4 Bg5 11.Nxg5 hxg5 12.a5 a6 13.Bxd7+ Kxd7 14.f3 f6 15.Na4 Ke8 16.Nb6
Rb8 17.c4 Ne7 18.b4 cxb4 19.Ra4 Kf7 20.c5 Nc8 21.Nc4 Kg8 22.Rxb4 Be8 23.cxd6
Bb5 24.Bb6 Qd7 25.Bc7 Ra8 26.Na3 Na7 {#r} 1-0

[Event "Ch NRW (juniors) (under 17)"]
[Site "masterchessopen.com - Muenster (Germany)"]
[Round "5"]
[White "Schreck Roland (GER)"]
[Black "Wolf Ulrich Martin (GER)"]
[Result "0-1"]
[WhiteElo "2147"]
[BlackElo "2204"]

1.d4 c5 2.d5 e5 3.c4 d6 4.e4 g6 5.Nc3 Bg7 6.Nge2 f5 7.f3 Nf6 8.Be3 O-O 9.Bg5
f4 10.g3 h6 11.Bxf6 Qxf6 12.gxf4 Qh4+ 13.Kd2 exf4 14.Qe1 Qe7 {#R} 0-1

[Event "It (open)"]
[Site "masterchessopen.com - Olot (Spain)"]
[Round "0"]
[White "Pages Rafart Jordi (ESP)"]
[Black "Gomez-Cabrero Lopez Rafael (ESP)"]
[Result "1-0"]
[WhiteElo "2217"]
[BlackElo "2160"]

1.d4 c5 2.d5 e5 3.c4 d6 4.Nc3 g6 5.e4 Bg7 6.Bd3 a6 7.Nge2 f5 8.exf5 gxf5 9.Ng3
e4 10.Bc2 Nf6 11.Ba4+ Kf8 12.f3 exf3 13.O-O f4 14.Bxf4 Bg4 15.Qd2 Kf7 16.h3
Bd7 17.Bxd7 Qxd7 18.Rxf3 Re8 19.Bg5 Qe7 20.Nf5 {#r} 1-0

[Event "It (open) (b)"]
[Site "masterchessopen.com - Zurich (Switzerland)"]
[Round "6"]
[White "Krizsany Laszlo (HUN)"]
[Black "Rufener Markus (SUI)"]
[Result "1-0"]
[WhiteElo "2395"]
[BlackElo "2347"]

1.d4 c5 2.d5 e5 3.e4 d6 4.Nc3 Be7 5.Nf3 a6 6.a4 b6 7.Be2 Nf6 8.O-O O-O 9.Nd2
Ne8 10.Nc4 Nd7 11.g3 g6 12.Bh6 Ng7 13.f4 f5 14.Bd3 Rf7 15.Bxg7 Kxg7 16.exf5
gxf5 17.Bxf5 exf4 18.Be6 Rf8 19.Qg4+ Kh8 20.Rxf4 Nf6 21.Qh3 Bb7 22.Raf1 b5
23.Rh4 Qc7 24.axb5 {#r} 1-0

[Event "It (open)"]
[Site "masterchessopen.com - Boeblingen (Germany)"]
[Round "0"]
[White "Lehmann Erich (GER)"]
[Black "Braun Michael (GER)"]
[Result "0-1"]
[WhiteElo "2095"]
[BlackElo "2365"]

1.d4 c5 2.d5 e5 3.e4 d6 4.Be3 Ne7 5.Bd3 Ng6 6.Ne2 Be7 7.Qd2 Nh4 8.Kf1 O-O
9.Ng3 Kh8 10.Nc3 g6 11.Bh6 Rg8 12.f4 Nd7 13.Qf2 exf4 14.Bxf4 Ne5 15.Ke1 Ng4
16.Qe2 Bg5 17.Bd2 Ne5 18.h3 c4 19.Bxc4 Bxd2+ 20.Qxd2 Nhf3+ 21.gxf3 Nxf3+
22.Ke2 Nxd2 23.Kxd2 Qg5+ {#R} 0-1

[Event "It (open) \"]
[Site "masterchessopen.com - Berlin (Germany)"]
[Round "0"]
[White "Federau Juergen (GER)"]
[Black "Winslow Elliott C (USA)"]
[Result "1-0"]
[WhiteElo "2186"]
[BlackElo "2305"]

1.d4 c5 2.d5 e5 3.e4 d6 4.Nc3 Be7 5.Bb5+ Nd7 6.a4 a6 7.Bd3 Bg5 8.Nge2 Bxc1
9.Qxc1 Ne7 10.O-O O-O 11.Ng3 Nf6 12.Qd2 Qc7 13.b3 Bd7 14.a5 Nc8 15.Nd1 Na7
16.Ne3 Nb5 17.f4 exf4 18.Rxf4 Nd4 19.Rxf6 gxf6 20.Nh5 f5 21.Nf6+ Kg7 22.Neg4
{#r} 1-0

[Event "Memorial J.Capablanca (w)"]
[Site "masterchessopen.com - Cuba"]
[Round "0"]
[White "Palao Maricela (COL)"]
[Black "Subit Jose L (CUB)"]
[Result "0-1"]
[WhiteElo "2159"]
[BlackElo "2187"]

1.d4 c5 2.d5 e5 3.e4 d6 4.Nf3 Be7 5.Bd3 Nf6 6.c4 Nbd7 7.O-O O-O 8.Re1 Ne8
9.Nc3 g6 10.Bh6 Ng7 11.Qd2 Nf6 12.h3 Kh8 13.Kh2 Ng8 14.Bxg7+ Kxg7 15.g4 Kh8
16.Rg1 Bd7 17.Rg2 Bf6 18.Kh1 Qe7 19.Rag1 Bg7 20.Qg5 f6 21.Qd2 Bh6 22.Qc2 Rf7
23.Ne2 Qf8 24.Nh4 Ne7 25.Rg3 Bf4 26.Nxf4 exf4 27.Rf3 Qh6 28.Ng2 Bxg4 {#R} 0-1

[Event "Czech League 1994/95 (2nd) (a)"]
[Site "masterchessopen.com - Czech Republic"]
[Round "7"]
[White "Friml Antonin (CZE)"]
[Black "Krnavek Michal (CZE)"]
[Result "1-0"]
[WhiteElo "2126"]
[BlackElo "1868"]

1.d4 c5 2.d5 e5 3.e4 d6 4.Bb5+ Nd7 5.Ne2 Be7 6.O-O a6 7.Bxd7+ Bxd7 8.f4 Nf6
9.fxe5 Nxe4 10.Qd3 f5 11.e6 Bc8 12.Rxf5 Nf6 13.Nbc3 b5 14.Bg5 O-O 15.Raf1 h6
16.Bxf6 Rxf6 17.Rxf6 Bxf6 18.Qg6 Ra7 19.Ne4 Be5 20.Rf7 Qh4 21.g3 {#r} 1-0

[Event "Czech League 1994/95 (2nd) (a)"]
[Site "masterchessopen.com - Czech Republic"]
[Round "6"]
[White "Hrbolka Ladislav Jr (CZE)"]
[Black "Suran Jan (CZE)"]
[Result "0-1"]
[WhiteElo "2159"]
[BlackElo "2215"]

1.d4 c5 2.d5 e5 3.e4 d6 4.c4 Be7 5.Qa4+ Bd7 6.Qb3 Na6 7.Nf3 Nf6 8.Nc3 O-O
9.Be2 Nc7 10.h3 a6 11.a4 b5 12.Be3 b4 13.Nd1 Nxe4 {#R} 0-1

[Event "Ch Denmark (team) 1995/96"]
[Site "masterchessopen.com - Denmark"]
[Round "2"]
[White "Schandorff Lars (DEN)"]
[Black "Pedersen Jan (DEN)"]
[Result "1-0"]
[WhiteElo "2490"]
[BlackElo "2011"]

1.d4 c5 2.d5 e5 3.e4 d6 4.Nc3 Be7 5.f4 exf4 6.Bxf4 Nf6 7.e5 dxe5 8.Bxe5 O-O
9.Qd2 Nh5 10.Nf3 Bh4+ 11.g3 Bg4 12.Be2 Bxf3 13.Bxf3 Re8 14.O-O-O Bg5 15.Bf4
Nxf4 16.gxf4 Bh6 17.Kb1 Nd7 18.d6 Qf6 19.Rhf1 Rab8 20.Bd5 g6 21.Ne4 Qd8 22.Ng5
Bxg5 23.fxg5 Ne5 24.Rf6 b5 25.Qf4 Qd7 26.Rf1 Rb6 27.Rxf7 {#r} 1-0

[Event "It (open)"]
[Site "masterchessopen.com - Gausdal (Norway)"]
[Round "8"]
[White "Johansen Torben Ostergren (DEN)"]
[Black "Zilberman Yaacov (ISR)"]
[Result "0-1"]
[WhiteElo "2187"]
[BlackElo "2485"]

1.d4 c5 2.d5 e5 3.c4 d6 4.Nc3 g6 5.e4 Bg7 6.Bd3 a6 7.Nge2 Nd7 8.Be3 Ne7 9.f3
Rb8 10.Qd2 f5 11.exf5 Nxf5 12.Bxf5 gxf5 13.Bh6 Qh4+ {#R} 0-1

[Event "It (open)"]
[Site "masterchessopen.com - Hajduboszormeny (Hungary)"]
[Round "6"]
[White "Kis Bela (HUN)"]
[Black "Szabo Gergely (HUN)"]
[Result "1-0"]
[WhiteElo "2063"]
[BlackElo "2225"]

1.d4 c5 2.d5 e5 3.e4 d6 4.Bd3 g6 5.Ne2 Bg7 6.O-O Ne7 7.Nbc3 O-O 8.f4 f5 9.fxe5
Bxe5 10.Bh6 Rf7 11.Nf4 fxe4 12.Nxe4 Bxb2 13.Ne6 Bxe6 14.dxe6 Rxf1+ 15.Qxf1 Nf5
16.Bc4 Bd4+ 17.Kh1 Qe8 18.Bg5 Nc6 19.g4 Nfe7 20.Nxd6 Qf8 21.Qf7+ Qxf7 22.exf7+
Kf8 23.Rf1 Bg7 24.Nxb7 h6 25.Nxc5 {#r} 1-0

[Event "Oberliga 1994/95"]
[Site "masterchessopen.com - Hessen (Germany)"]
[Round "0"]
[White "Gustavsson Cyrill (SWE)"]
[Black "Brauer Volker (GER)"]
[Result "1-0"]
[WhiteElo "2206"]
[BlackElo "2118"]

1.d4 c5 2.d5 e5 3.e4 d6 4.Nc3 g6 5.f4 Bg7 6.Nf3 Nd7 7.Nb5 Nb6 8.fxe5 dxe5 9.d6
Kf8 10.Be3 Nd7 11.Bc4 h6 12.Nc7 Rb8 13.Bxf7 Qf6 14.Bb3 b5 15.O-O c4 16.Nh4
{#r} 1-0

[Event "Ch Greece (w)"]
[Site "masterchessopen.com - Iraklion (Greece)"]
[Round "0"]
[White "Papadopoulou Triantafilia (GRE)"]
[Black "Korou Laskarina (GRE)"]
[Result "1-0"]
[WhiteElo "2025"]
[BlackElo "1926"]

1.d4 c5 2.d5 e5 3.e4 d6 4.Nf3 Bg4 5.Nc3 Be7 6.a4 a6 7.Be2 Bxf3 8.Bxf3 b6 9.g3
Bg5 10.O-O Bxc1 11.Qxc1 Ne7 12.Bg2 O-O 13.f4 Nd7 14.Bh3 exf4 15.gxf4 f5 16.Qe3
fxe4 17.Nxe4 Nf6 18.Ng5 Nexd5 19.Be6+ Kh8 20.Qh3 Ne7 21.Nf7+ Rxf7 22.Bxf7 d5
23.Rae1 d4 24.Re5 Ned5 25.Rd1 Qc7 26.Bxd5 {#r} 1-0

[Event "It (open)"]
[Site "masterchessopen.com - La Salle (Spain)"]
[Round "9"]
[White "Tejero Lamana Santiago (ESP)"]
[Black "Galvez Perez Jose Luis (ESP)"]
[Result "1-0"]
[WhiteElo "2108"]
[BlackElo "1947"]

1.d4 c5 2.d5 e5 3.e4 d6 4.Nc3 g6 5.g3 a6 6.a4 Bg7 7.Bg2 Ne7 8.Nge2 Nd7 9.O-O
O-O 10.Be3 f5 11.Qd2 Nf6 12.h3 fxe4 13.Bg5 Qa5 14.Rad1 e3 15.fxe3 Qb6 16.g4
Bd7 17.Ng3 Qc7 18.Bxf6 Bxf6 19.Nge4 Bg7 20.Ng5 Rxf1+ 21.Rxf1 Rf8 22.Rxf8+ Bxf8
23.Qf2 Nf5 24.gxf5 Bxf5 {#r} 1-0

[Event "Ch Croatia (team) (1st league)"]
[Site "masterchessopen.com - Makarska (Croatia)"]
[Round "7"]
[White "Baci Vedran (CRO)"]
[Black "Orenda Omar (CRO)"]
[Result "0-1"]
[WhiteElo "2249"]
[BlackElo "2167"]

1.d4 c5 2.d5 e5 3.e4 d6 4.Nc3 g6 5.f4 Bg7 6.Nf3 Bg4 7.Bb5+ Nd7 8.O-O a6
9.Bxd7+ Qxd7 10.a4 exf4 11.Bxf4 Ne7 12.h3 Bxf3 13.Qxf3 O-O 14.Qg3 Rad8 15.a5
f5 16.exf5 Rxf5 17.Rad1 Rdf8 18.Ne2 Nxd5 19.Qb3 Qe6 20.Ng3 Rxf4 21.Rfe1 Bd4+
22.Kh2 Qf7 23.c3 Bf2 24.Rxd5 {#R} 0-1

[Event "Ch Yugoslavia (open)"]
[Site "masterchessopen.com - Nis (Yugoslavia)"]
[Round "7"]
[White "Lazic Marina (YUG)"]
[Black "Lajthajm Borko (SRB)"]
[Result "1-0"]
[WhiteElo "2175"]
[BlackElo "2300"]

1.d4 c5 2.d5 e5 3.e4 d6 4.g3 Be7 5.h4 f5 6.Nc3 Nf6 7.Bb5+ Bd7 8.Qd3 fxe4
9.Bxd7+ Nbxd7 10.Nxe4 Nxe4 11.Qxe4 O-O 12.c4 b5 13.Nh3 Rb8 14.Bd2 bxc4 15.Bc3
Nb6 16.Kf1 Na4 17.Kg2 Nxb2 18.Ng5 Bxg5 19.hxg5 g6 20.Rxh7 Kxh7 21.Rh1+ Kg7
22.Bxe5+ dxe5 23.Qxe5+ Kg8 24.Rh8+ {#r} 1-0

[Event "It \"]
[Site "masterchessopen.com - Philadelphia (USA)"]
[Round "5"]
[White "Chow Albert (USA)"]
[Black "Hanken Jerome B (USA)"]
[Result "1-0"]
[WhiteElo "2315"]
[BlackElo "1918"]

1.d4 c5 2.d5 e5 3.c4 d6 4.e4 Be7 5.Nf3 Bg4 6.Nbd2 Bg5 7.Qa4+ Bd7 8.Qb3 Bxd2+
9.Bxd2 Qb6 10.Qc2 Nf6 11.Bd3 Bg4 12.Ng1 Na6 13.a3 Nc7 14.b4 Na6 15.Rb1 Qc7
16.Ne2 Bxe2 17.Bxe2 b6 {#r} 1-0

[Event "It (open)"]
[Site "masterchessopen.com - Radviliskis (Lithuania)"]
[Round "8"]
[White "Labuckas Aidas (LTU)"]
[Black "Uogele Anicetas (LTU)"]
[Result "1-0"]
[WhiteElo "2345"]
[BlackElo "2151"]

1.d4 c5 2.d5 e5 3.e4 d6 4.Bb5+ Nd7 5.a4 Nf6 6.Nc3 Be7 7.Nge2 O-O 8.Ng3 Ne8
9.h4 Rb8 10.Nf5 Ndf6 11.g4 Nc7 12.g5 Nfe8 13.Bd3 a6 14.a5 b5 15.axb6 Rxb6
16.Qg4 Rb8 17.h5 Kh8 18.g6 Nf6 19.h6 Bxf5 20.hxg7+ Kxg7 21.Bh6+ {#r} 1-0